[Event "Hessen-ch Seniors op 12th"]
[Site "Bad Sooden-Allendorf"]
[Date "2016.05.04"]
[Round "5"]
[White "Zwanepol, Johan"]
[Black "Ghijsen, Pim"]
[Result "0-1"]
[WhiteElo "1912"]
[BlackElo "2180"]
[PlyCount "62"]
[EventDate "2016.04.30"]
[EventType "swiss"]
[EventRounds "9"]
[EventCountry "GER"]
[SourceTitle "EXT 2019"]
[Source "ChessBase"]
[SourceDate "2018.10.10"]
[SourceVersion "1"]
[SourceVersionDate "2018.10.10"]
[SourceQuality "1"]

1. e4 c5 2. d3 Nc6 3. g3 d5 4. Nd2 Nf6 5. Bg2 e6 6. Ne2 Be7 7. 0-0 0-0 8. Re1 b6 9. Nf4 Bb7 10. exd5 Nxd5 11. Nc4 Nf6 12. b3 Qc7 13. Be3 Rfd8 14. Nh3 Nd4 15. Bf4 Qc8 16. f3 Nd5 17. Bd2 Bf6 18. Ne5 Qc7 19. f4 Nc6 20. Nxc6 Bxc6 21. Rb1 Ne7 22. Qe2 Nf5 23. Bc1 Nd4 24. Qd1 Bxg2 25. Kxg2 Qc6+ 26. Kf2 Nb5 27. Bb2 Bc3 28. Rf1 Bd4+ 29. Ke1 Qg2 30. Nf2 Bc3+ 31. Ke2 Bxb2 0-1

[Event "Hessen-ch Seniors op 11th"]
[Site "Bad Sooden-Allendorf"]
[Date "2015.05.17"]
[Round "9"]
[White "Zwanepol, Johan"]
[Black "Wuestehube, Harry"]
[Result "1/2-1/2"]
[WhiteElo "1920"]
[BlackElo "1900"]
[PlyCount "57"]
[EventDate "2015.05.09"]
[EventType "swiss"]
[EventRounds "9"]
[EventCountry "GER"]
[SourceTitle "EXT 2018"]
[Source "ChessBase"]
[SourceDate "2017.10.13"]
[SourceVersion "1"]
[SourceVersionDate "2017.10.13"]
[SourceQuality "1"]

1. e4 d6 2. d4 Nf6 3. Bd3 g6 4. Ne2 Bg7 5. c3 e5 6. 0-0 0-0 7. f4 Re8 8. Nd2 Nbd7 9. Qe1 c6 10. f5 d5 11. fxg6 fxg6 12. Qh4 exd4 13. cxd4 Nxe4 14. Qxd8 Rxd8 15. Nxe4 dxe4 16. Bc4+ Kh8 17. Bg5 Rf8 18. Rxf8+ Nxf8 19. Rf1 Bg4 20. Be3 b5 21. h3 bxc4 22. hxg4 Rb8 23. Rb1 Ne6 24. Kf2 a6 25. Ke1 c3 26. b3 Rd8 27. Nxc3 Nxd4 28. Bxd4 Rxd4 29. Ne2 1/2-1/2

[Event "Hessen-ch Seniors op 11th"]
[Site "Bad Sooden-Allendorf"]
[Date "2015.05.16"]
[Round "8"]
[White "Rehder, Frank"]
[Black "Zwanepol, Johan"]
[Result "1/2-1/2"]
[WhiteElo "1895"]
[BlackElo "1920"]
[PlyCount "63"]
[EventDate "2015.05.09"]
[EventType "swiss"]
[EventRounds "9"]
[EventCountry "GER"]
[SourceTitle "EXT 2018"]
[Source "ChessBase"]
[SourceDate "2017.10.13"]
[SourceVersion "1"]
[SourceVersionDate "2017.10.13"]
[SourceQuality "1"]

1. d4 Nf6 2. Nf3 e6 3. b3 c5 4. e3 Nc6 5. Bd3 d5 6. 0-0 cxd4 7. exd4 Bd6 8. Bb2 0-0 9. Ne5 Bd7 10. Nd2 Rc8 11. a3 Ne7 12. Ndf3 Qb6 13. Nxd7 Nxd7 14. Qe2 Nf6 15. Bc1 Kh8 16. Bb2 Qd8 17. Rfc1 Neg8 18. Ne5 Qe7 19. b4 Nd7 20. c4 dxc4 21. Nxc4 Bb8 22. Re1 Ngf6 23. g3 Nd5 24. Rac1 N7f6 25. Ne5 Rc7 26. Rxc7 Bxc7 27. Qf3 Kg8 28. Rc1 Bb8 29. Qe2 Nb6 30. Nc4 Na4 31. Ba1 Rc8 32. Bc2 1/2-1/2

[Event "Hessen-ch Seniors op 11th"]
[Site "Bad Sooden-Allendorf"]
[Date "2015.05.15"]
[Round "7"]
[White "Zwanepol, Johan"]
[Black "Schwetje, Siegfried"]
[Result "1/2-1/2"]
[WhiteElo "1920"]
[BlackElo "1906"]
[PlyCount "27"]
[EventDate "2015.05.09"]
[EventType "swiss"]
[EventRounds "9"]
[EventCountry "GER"]
[SourceTitle "EXT 2018"]
[Source "ChessBase"]
[SourceDate "2017.10.13"]
[SourceVersion "1"]
[SourceVersionDate "2017.10.13"]
[SourceQuality "1"]

1. e4 c5 2. Nf3 e6 3. d4 cxd4 4. Nxd4 Nc6 5. Nb3 Nf6 6. Bd3 Be7 7. 0-0 0-0 8. a3 Ne5 9. Nc3 d5 10. exd5 Nxd3 11. Qxd3 Nxd5 12. Nxd5 Qxd5 13. Qxd5 exd5 14. Be3 1/2-1/2

[Event "Hessen-ch Seniors op 11th"]
[Site "Bad Sooden-Allendorf"]
[Date "2015.05.14"]
[Round "6"]
[White "Bars, Joachim"]
[Black "Zwanepol, Johan"]
[Result "1/2-1/2"]
[WhiteElo "1963"]
[BlackElo "1920"]
[PlyCount "71"]
[EventDate "2015.05.09"]
[EventType "swiss"]
[EventRounds "9"]
[EventCountry "GER"]
[SourceTitle "EXT 2018"]
[Source "ChessBase"]
[SourceDate "2017.10.13"]
[SourceVersion "1"]
[SourceVersionDate "2017.10.13"]
[SourceQuality "1"]

1. d4 Nf6 2. c4 e6 3. Nf3 b6 4. g3 Bb7 5. Bg2 Bb4+ 6. Bd2 Be7 7. Nc3 Na6 8. 0-0 0-0 9. Re1 d5 10. Ne5 c5 11. Nb5 cxd4 12. Nxd4 Nb8 13. Bc3 Bd6 14. Nb5 Be7 15. Qc2 a6 16. Nd4 Bd6 17. f4 Qe7 18. cxd5 Bxe5 19. fxe5 Nxd5 20. Bd2 Rc8 21. Qb3 Nd7 22. Bf4 b5 23. Rac1 Nc5 24. Qd1 Nxf4 25. gxf4 Bxg2 26. Kxg2 Qh4 27. e3 Qe7 28. Rc2 Qb7+ 29. Qf3 Qxf3+ 30. Kxf3 Nd3 31. Rb1 Nb4 32. Rxc8+ Rxc8 33. a3 Nd5 34. Rd1 g6 35. Rd2 Nb6 36. h4 1/2-1/2

[Event "Hessen-ch Seniors op 09th"]
[Site "Bad Sooden-Allendorf"]
[Date "2013.04.22"]
[Round "3"]
[White "Vogel, Jaap"]
[Black "Zwanepol, Johan"]
[Result "1-0"]
[WhiteElo "2193"]
[BlackElo "1939"]
[PlyCount "53"]
[EventDate "2013.04.20"]
[EventType "swiss"]
[EventRounds "9"]
[EventCountry "GER"]
[SourceTitle "EXT 2019"]
[Source "ChessBase"]
[SourceDate "2018.10.10"]
[SourceVersion "1"]
[SourceVersionDate "2018.10.10"]
[SourceQuality "1"]

1. d4 Nf6 2. Nf3 d5 3. g3 g6 4. Bg2 Bg7 5. c4 dxc4 6. Na3 0-0 7. 0-0 c6 8. Nxc4 Be6 9. b3 Nbd7 10. Bb2 Rb8 11. Rc1 Ne4 12. e3 Ndf6 13. Nfe5 Rc8 14. Qe2 Nd6 15. Rfd1 Bd5 16. f3 Rc7 17. e4 Be6 18. Ne3 Nd7 19. Nd3 f6 20. Nc5 Bf7 21. Bh3 Nb6 22. a4 Re8 23. a5 Na8 24. e5 e6 25. exd6 Qxd6 26. f4 Rd8 27. Nc4 1-0

[Event "Hessen-ch Seniors op 09th"]
[Site "Bad Sooden-Allendorf"]
[Date "2013.04.20"]
[Round "1"]
[White "Hespers, Rolf"]
[Black "Zwanepol, Johan"]
[Result "0-1"]
[WhiteElo "1763"]
[BlackElo "1939"]
[PlyCount "79"]
[EventDate "2013.04.20"]
[EventType "swiss"]
[EventRounds "9"]
[EventCountry "GER"]
[SourceTitle "EXT 2019"]
[Source "ChessBase"]
[SourceDate "2018.10.10"]
[SourceVersion "1"]
[SourceVersionDate "2018.10.10"]
[SourceQuality "1"]

1. d4 Nf6 2. c4 c5 3. d5 b5 4. b3 g6 5. Bb2 Bg7 6. Nf3 a6 7. e3 0-0 8. Be2 d6 9. 0-0 bxc4 10. bxc4 Nbd7 11. Nbd2 Nb6 12. e4 Bd7 13. Qc2 Na4 14. Bxf6 Bxf6 15. Rae1 Rb8 16. Nb3 Rb4 17. Bd3 Qc7 18. Re3 Rfb8 19. Rfe1 Bg7 20. e5 Re8 21. exd6 Qxd6 22. h4 Nb2 23. Ne5 Nxd3 24. Qxd3 Bf5 25. Qe2 Bh6 26. Rf3 Bg7 27. Nxf7 Kxf7 28. g4 Kg8 29. gxf5 gxf5 30. Rxf5 Rf8 31. Rg5 Kh8 32. Rg4 Rb7 33. Qe6 Qc7 34. Rge4 Bf6 35. Rg4 Rb6 36. Qe3 Qc8 37. Qg3 Qf5 38. Kh1 Rbb8 39. Rg1 Be5 40. Rg8+ 0-1

[Event "Hessen-ch Seniors op 08th"]
[Site "Bad Sooden-Allendorf"]
[Date "2012.04.22"]
[Round "9"]
[White "Zwanepol, Johan"]
[Black "Hoffmann, Erich"]
[Result "1/2-1/2"]
[WhiteElo "1942"]
[BlackElo "1927"]
[PlyCount "71"]
[EventDate "2012.04.14"]
[EventType "swiss"]
[EventRounds "9"]
[EventCountry "GER"]
[SourceTitle "EXT 2019"]
[Source "ChessBase"]
[SourceDate "2018.10.10"]
[SourceVersion "1"]
[SourceVersionDate "2018.10.10"]
[SourceQuality "1"]

1. e4 Nf6 2. Nc3 d5 3. exd5 Nxd5 4. d4 Nxc3 5. bxc3 c5 6. Be3 cxd4 7. Qxd4 Qxd4 8. cxd4 g6 9. Bb5+ Bd7 10. Rb1 Bxb5 11. Rxb5 b6 12. Ne2 Bg7 13. Nf4 Na6 14. 0-0 0-0 15. c4 Nc7 16. Rb3 e5 17. dxe5 Bxe5 18. Nd3 Bg7 19. a4 Na6 20. Rb5 Nc7 21. Rb3 Na6 22. a5 Nc5 23. Nxc5 bxc5 24. a6 Rfc8 25. Rb5 Bf8 26. Rfb1 Rc6 27. Rb8 Rxb8 28. Rxb8 Rxa6 29. g4 Kg7 30. Rc8 Ra5 31. Kg2 h6 32. Bxh6+ Kxh6 33. Rxf8 Ra4 34. Rxf7 Rxc4 35. g5+ Kxg5 36. Rxa7 1/2-1/2

[Event "Hessen-ch Seniors op 08th"]
[Site "Bad Sooden-Allendorf"]
[Date "2012.04.16"]
[Round "3"]
[White "Zwanepol, Johan"]
[Black "Graffenberger, Marianne"]
[Result "1-0"]
[WhiteElo "1942"]
[BlackElo "1493"]
[PlyCount "86"]
[EventDate "2012.04.14"]
[EventType "swiss"]
[EventRounds "9"]
[EventCountry "GER"]
[SourceTitle "EXT 2019"]
[Source "ChessBase"]
[SourceDate "2018.10.10"]
[SourceVersion "1"]
[SourceVersionDate "2018.10.10"]
[SourceQuality "1"]

1. e4 e5 2. Nf3 d6 3. Bc4 Be7 4. d3 Nf6 5. 0-0 0-0 6. Nc3 Bd7 7. Qe2 Nc6 8. Nd5 Bg4 9. c3 Na5 10. Nxf6+ Bxf6 11. Bb5 a6 12. Ba4 b5 13. Bc2 Nc6 14. h3 Bh5 15. Be3 Ne7 16. g4 Bxg4 17. hxg4 Ng6 18. Nh2 Nf4 19. Qf3 Bg5 20. d4 Qe7 21. b4 Qf6 22. Rfd1 Ng6 23. Qxf6 Bxf6 24. g5 Be7 25. Bb3 Kh8 26. dxe5 Nxe5 27. f4 Nc4 28. Bxc4 bxc4 29. Rd4 f6 30. Rxc4 Rac8 31. Kg2 fxg5 32. fxg5 c5 33. bxc5 dxc5 34. Rd1 g6 35. Rd7 Rfe8 36. Ng4 Rb8 37. Ra4 Rb2+ 38. Kg3 Rb6 39. Rxe7 Re6 40. Rxe8+ Rxe8 41. Bxc5 Rc8 42. Bd4+ Kg8 43. Nf6+ Kf7 1-0

[Event "Hessen-ch Seniors op 05th"]
[Site "Bad Sooden-Allendorf"]
[Date "2009.05.03"]
[Round "9"]
[White "Matthes, Manfred"]
[Black "Zwanepol, Johan"]
[Result "1-0"]
[WhiteElo "1786"]
[BlackElo "1629"]
[PlyCount "66"]
[EventDate "2009.04.25"]
[EventType "swiss"]
[EventRounds "9"]
[EventCountry "GER"]
[SourceTitle "EXT 2022"]
[Source "ChessBase"]
[SourceDate "2021.10.06"]
[SourceVersion "1"]
[SourceVersionDate "2021.10.06"]
[SourceQuality "1"]

1. c4 Nf6 2. Nc3 e6 3. e4 d6 4. d4 Nbd7 5. Nf3 Be7 6. h3 e5 7. d5 Nc5 8. Qc2 a5 9. Be3 Na6 10. a3 b6 11. Be2 0-0 12. 0-0 Ne8 13. Bd3 Bf6 14. Rab1 Bd7 15. b4 axb4 16. axb4 g6 17. Qb2 Nb8 18. Ra1 Rxa1 19. Rxa1 Bg7 20. Ra8 f5 21. Bg5 Nf6 22. c5 h6 23. Bxf6 Bxf6 24. c6 fxe4 25. Bxe4 Bf5 26. Qc2 Bg7 27. Ra7 Qc8 28. Qe2 Kh7 29. Nb5 Na6 30. Nh4 Nxb4 31. Nxc7 Rf7 32. Nb5 Rxa7 33. Nxa7 Na6 1-0

[Event "Hessen-ch Seniors op 05th"]
[Site "Bad Sooden-Allendorf"]
[Date "2009.04.28"]
[Round "4"]
[White "Zwanepol, Johan"]
[Black "Schmieder, Horst"]
[Result "1-0"]
[WhiteElo "1629"]
[BlackElo "1536"]
[PlyCount "101"]
[EventDate "2009.04.25"]
[EventType "swiss"]
[EventRounds "9"]
[EventCountry "GER"]
[SourceTitle "EXT 2022"]
[Source "ChessBase"]
[SourceDate "2021.10.06"]
[SourceVersion "1"]
[SourceVersionDate "2021.10.06"]
[SourceQuality "1"]

1. e4 c5 2. c3 Nc6 3. Nf3 e6 4. g3 b6 5. Bg2 Bb7 6. 0-0 Nge7 7. Re1 Ng6 8. d4 cxd4 9. cxd4 Bb4 10. Nc3 Bxc3 11. bxc3 0-0 12. h4 Re8 13. Ng5 Nf8 14. e5 Na5 15. Bxb7 Nxb7 16. Qf3 d5 17. Qxf7+ Kh8 18. Qxb7 Qe7 19. Nf7+ Kg8 20. Qxe7 Rxe7 21. Nd6 h6 22. a4 a6 23. Bd2 Rea7 24. c4 dxc4 25. Nxc4 Nd7 26. Rab1 Rb8 27. Nd6 Rc7 28. Rec1 Rxc1+ 29. Bxc1 Kh7 30. Rb3 Kg6 31. g4 h5 32. g5 Rf8 33. Kg2 Rb8 34. Bd2 Rf8 35. Rc3 Rb8 36. Rc7 Nf8 37. Kf3 b5 38. axb5 axb5 39. Bb4 Nh7 40. Nc8 Nxg5+ 41. hxg5 Kxg5 42. Rxg7+ Kh6 43. Rc7 Kg6 44. Ne7+ Kg5 45. Bd2+ Kh4 46. Ng6+ Kh3 47. Rh7 Kh2 48. Nf4 b4 49. Rxh5+ Kg1 50. Ne2+ Kf1 51. Rh1# 1-0

[Event "Hessen-ch Seniors op 05th"]
[Site "Bad Sooden-Allendorf"]
[Date "2009.04.27"]
[Round "3"]
[White "Becker, Guenter"]
[Black "Zwanepol, Johan"]
[Result "1-0"]
[WhiteElo "1665"]
[BlackElo "1629"]
[PlyCount "99"]
[EventDate "2009.04.25"]
[EventType "swiss"]
[EventRounds "9"]
[EventCountry "GER"]
[SourceTitle "EXT 2022"]
[Source "ChessBase"]
[SourceDate "2021.10.06"]
[SourceVersion "1"]
[SourceVersionDate "2021.10.06"]
[SourceQuality "1"]

1. c4 e5 2. g3 c6 3. d4 exd4 4. Qxd4 Nf6 5. Bg2 Na6 6. Bg5 Qa5+ 7. Bd2 Qc5 8. Nf3 Be7 9. 0-0 0-0 10. Nc3 Re8 11. e4 d6 12. h3 Bf8 13. Rfe1 Qxd4 14. Nxd4 Nc5 15. Re2 g6 16. f4 Bg7 17. Nc2 a5 18. Rd1 Nh5 19. Be1 Bf8 20. Kh2 Ng7 21. g4 f6 22. f5 Nd7 23. Nd4 Ne5 24. b3 g5 25. Bf2 h5 26. Kg3 a4 27. Nxa4 Nxc4 28. Rc1 Ne5 29. Nb6 Ra5 30. Be1 Rc5 31. Rc3 Nd7 32. Nxd7 Bxd7 33. b4 Rce5 34. h4 c5 35. bxc5 dxc5 36. Nc2 Bc6 37. hxg5 fxg5 38. Rce3 Bd6 39. Kh3 h4 40. Bc3 Bb5 41. Rd2 Bc7 42. Bxe5 Bxe5 43. Rd5 b6 44. Re1 Bc4 45. Rd7 Bxa2 46. Ne3 Ra8 47. Re7 Bf4 48. e5 Kf8 49. Rxg7 Kxg7 50. Bxa8 1-0

[Event "Hessen-ch Seniors op 04th"]
[Site "Bad Sooden-Allendorf"]
[Date "2008.04.29"]
[Round "6"]
[White "Merettig, Georg"]
[Black "Zwanepol, Johan"]
[Result "0-1"]
[WhiteElo "1788"]
[BlackElo "2010"]
[PlyCount "52"]
[EventDate "2008.04.24"]
[EventType "swiss"]
[EventRounds "9"]
[EventCountry "GER"]
[SourceTitle "EXT 2022"]
[Source "ChessBase"]
[SourceDate "2021.10.06"]
[SourceVersion "1"]
[SourceVersionDate "2021.10.06"]
[SourceQuality "1"]

1. Nc3 Nf6 2. f4 c5 3. e4 d6 4. Nf3 Nc6 5. d4 cxd4 6. Nxd4 Bg4 7. Qd3 Bd7 8. Be2 g6 9. 0-0 Bg7 10. Nf3 0-0 11. f5 Nb4 12. Qd2 Qb6+ 13. Kh1 Rae8 14. fxg6 hxg6 15. a3 Na6 16. Qg5 Nc5 17. Qh4 Nh7 18. Nd5 Qd8 19. Bg5 f6 20. Bc4 e6 21. Nxf6+ Bxf6 22. Bxf6 Qxf6 23. e5 Qxh4 24. Nxh4 g5 25. Nf3 d5 26. Be2 Rf4 0-1

[Event "Hessen-ch Seniors op 04th"]
[Site "Bad Sooden-Allendorf"]
[Date "2008.04.28"]
[Round "5"]
[White "Zwanepol, Johan"]
[Black "Reinhold, Klaus"]
[Result "1/2-1/2"]
[WhiteElo "2010"]
[BlackElo "1939"]
[PlyCount "70"]
[EventDate "2008.04.24"]
[EventType "swiss"]
[EventRounds "9"]
[EventCountry "GER"]
[SourceTitle "EXT 2022"]
[Source "ChessBase"]
[SourceDate "2021.10.06"]
[SourceVersion "1"]
[SourceVersionDate "2021.10.06"]
[SourceQuality "1"]

1. e4 e5 2. Nf3 Nf6 3. Nxe5 d6 4. Nf3 Nxe4 5. d4 d5 6. Bd3 Nc6 7. c3 Be7 8. 0-0 0-0 9. Nbd2 Bf5 10. Re1 Nxf2 11. Kxf2 Bxd3 12. Nf1 Be4 13. Bf4 Bd6 14. Bg3 Qf6 15. Kg1 Bxg3 16. Nxg3 Bxf3 17. gxf3 Nd8 18. Re5 c6 19. Kf2 Ne6 20. Qd2 g6 21. Qh6 Qg7 22. Qh4 Rfd8 23. Nf5 Qf8 24. Ne7+ Kh8 25. Rxe6 Qg7 26. Re5 f6 27. Re6 Rd7 28. Rae1 Rf8 29. Qh3 Rc7 30. R6e3 f5 31. Re6 Rf6 32. R6e2 Rf7 33. Nxg6+ Qxg6 34. Rg1 Qf6 35. Re8+ Rf8 1/2-1/2

[Event "Hessen-ch Seniors op 04th"]
[Site "Bad Sooden-Allendorf"]
[Date "2008.04.26"]
[Round "3"]
[White "Zwanepol, Johan"]
[Black "Juergens, Peter1111"]
[Result "1/2-1/2"]
[WhiteElo "2010"]
[BlackElo "1840"]
[PlyCount "71"]
[EventDate "2008.04.24"]
[EventType "swiss"]
[EventRounds "9"]
[EventCountry "GER"]
[SourceTitle "EXT 2022"]
[Source "ChessBase"]
[SourceDate "2021.10.06"]
[SourceVersion "1"]
[SourceVersionDate "2021.10.06"]
[SourceQuality "1"]

1. e4 e6 2. d4 d5 3. e5 c5 4. c3 Nc6 5. Nf3 Qb6 6. Bd3 cxd4 7. cxd4 Bd7 8. Bc2 Nb4 9. Nc3 Nxc2+ 10. Qxc2 Ne7 11. 0-0 Nc6 12. Be3 Be7 13. Na4 Qa5 14. Nc3 Rc8 15. a3 Qd8 16. Nd2 0-0 17. f4 f6 18. exf6 Bxf6 19. Nf3 Be8 20. b4 Bg6 21. Qd2 Qd7 22. Rac1 Ne7 23. g4 Nc6 24. g5 Be7 25. Qe1 Bd6 26. Ne2 Bd3 27. Nh4 Ne7 28. Rf3 Bxe2 29. Qxe2 Nf5 30. Nxf5 Rxf5 31. Rcf1 g6 32. Re1 Rff8 33. h4 Qf7 34. Bc1 Rfe8 35. Bd2 Qf5 36. Qg2 1/2-1/2

[Event "Hessen-ch Seniors op 02nd"]
[Site "Bad Sooden-Allendorf"]
[Date "2006.05.01"]
[Round "7"]
[White "Zwanepol, Johan"]
[Black "Tomas, Johann"]
[Result "0-1"]
[WhiteElo "1603"]
[BlackElo "1571"]
[PlyCount "82"]
[EventDate "2006.04.25"]
[EventType "swiss"]
[EventRounds "9"]
[EventCountry "GER"]
[SourceTitle "EXT 2007"]
[Source "ChessBase"]
[SourceDate "2006.11.23"]
[SourceVersion "1"]
[SourceVersionDate "2006.11.23"]
[SourceQuality "1"]

1. Nf3 d6 2. d4 g6 3. Nc3 Bg7 4. h3 Nd7 5. e4 Nb6 6. Be2 Bd7 7. Be3 Qc8 8. Qd2 e6 9. a4 a5 10. Nh2 Ne7 11. f4 0-0 12. 0-0 f5 13. e5 Bc6 14. Qe1 Nbd5 15. Bd2 b6 16. Nxd5 Bxd5 17. Bd3 dxe5 18. fxe5 c5 19. Qh4 Re8 20. c4 Bb7 21. Bc3 cxd4 22. Bxd4 Qc6 23. Rf2 Rad8 24. Be2 Qc7 25. Nf3 Bxf3 26. Rxf3 Nc6 27. Bc3 Nxe5 28. Rff1 Nf7 29. Bf6 Bxf6 30. Qxf6 Qe5 31. Qxe5 Nxe5 32. Rad1 Kf7 33. Kf2 h5 34. Ke3 Nc6 35. Bf3 Nb4 36. Ke2 Kf6 37. Rfe1 e5 38. Bd5 e4 39. Bb7 Nd3 40. Rf1 Nc5 41. Rxd8 Rxd8 0-1

[Event "Hessen-ch Seniors op 02nd"]
[Site "Bad Sooden-Allendorf"]
[Date "2006.04.26"]
[Round "2"]
[White "Gudat, Alfons"]
[Black "Zwanepol, Johan"]
[Result "1-0"]
[WhiteElo "1942"]
[BlackElo "1603"]
[PlyCount "81"]
[EventDate "2006.04.25"]
[EventType "swiss"]
[EventRounds "9"]
[EventCountry "GER"]
[SourceTitle "EXT 2007"]
[Source "ChessBase"]
[SourceDate "2006.11.23"]
[SourceVersion "1"]
[SourceVersionDate "2006.11.23"]
[SourceQuality "1"]

1. Nf3 Nf6 2. d4 e6 3. c4 c5 4. d5 exd5 5. cxd5 d6 6. Nc3 g6 7. e4 a6 8. a4 Bg7 9. Be2 0-0 10. h3 Re8 11. Qc2 Nbd7 12. 0-0 b6 13. Bg5 Qc7 14. Rad1 Bb7 15. Nd2 h6 16. Bf4 g5 17. Bg3 Rad8 18. Nc4 Bf8 19. f4 Nh7 20. fxg5 hxg5 21. Bg4 Ne5 22. Bxe5 dxe5 23. Bh5 Rd7 24. Rf2 Bg7 25. Rdf1 Rf8 26. Bg4 Rdd8 27. Ne3 c4 28. Kh2 Qc5 29. Nf5 Bc8 30. Ne2 Nf6 31. Neg3 Ne8 32. Qd2 f6 33. Nxg7 Kxg7 34. Bxc8 Rxc8 35. Qe2 Qc7 36. Qh5 Rh8 37. Nf5+ Kg8 38. Qg6+ Kf8 39. Ne3 Qf7 40. Rxf6 Nxf6 41. Rxf6 1-0